000 00613cam a2200193 4500
001 D1186
008 090401t xxu||||| |||| 00| 0 eng d
035 _a(Sirsi) u62921
041 _aeng
050 _a690.03
100 _aBailly, Paul Jean
245 _aGlossary of terms concerning the construction, upkeep and management of buildings for the use of members of the Real Estate professions
260 _aParis
_bFIABCI
_cnd
300 _a73p. 10 plates. 27cm
350 _a0
520 _aPlates illustrate part of buildings named in French, English, German and Spanish
942 _n0
948 _c04/03/1997
999 _c94491
_d94491